[Event "Bucharest Caissa"]
[Site "Bucharest"]
[Date "1993.??.??"]
[Round "8"]
[White "Anka, Emil"]
[Black "Csom, Istvan"]
[Result "1/2-1/2"]
[WhiteElo "2395"]
[BlackElo "2520"]

1.e4 c5 2.Nf3 d6 3.d4 cxd4 4.Nxd4 Nf6 5.Nc3 Nc6 6.Bg5 e6 7.Qd2 a6 8.O-O-O h6
9.Bf4 Bd7 10.Nxc6 Bxc6 11.f3 Qa5 12.Bxd6 O-O-O 13.e5 Bxd6 14.exd6 Ne8 15.Bd3 Nxd6
16.Kb1 Rd7 17.Qf2  1/2-1/2

[Event "Budapest FS02 GM"]
[Site "Budapest"]
[Date "1993.??.??"]
[Round "?"]
[White "Lengyel, Bela"]
[Black "Gyorkos, Lajos"]
[Result "0-1"]
[WhiteElo "2350"]
[BlackElo "2435"]

1.e4 c5 2.Nf3 d6 3.d4 cxd4 4.Nxd4 Nf6 5.Nc3 Nc6 6.Bg5 e6 7.Bb5 Bd7 8.O-O Be7
9.Nb3 a6 10.Be2 Qc7 11.a4 Na5 12.Nxa5 Qxa5 13.Qd2 Bc6 14.Bf3 Rd8 15.Rfd1 Qc7
16.Qe2 O-O 17.a5 Rc8 18.Qe3 h6 19.Bh4 Ng4 20.Bxg4 Bxh4 21.f4 Bf6 22.f5 exf5
23.Bxf5 Rce8 24.Rd3 g6 25.Qxh6 Bg7 26.Qh4 Qe7 27.Qxe7 Rxe7 28.Bg4 Bxc3 29.Rxc3 Bxe4
30.Rd1 d5 31.Rd2 Kg7 32.Rc5 f5 33.Bd1 Rff7 34.c3 Rc7 35.Rxc7 Rxc7 36.Rd4 Kf6
37.Kf2 Ke5 38.Rb4 g5 39.h3 Rd7 40.Rd4 Rc7 41.Be2 Rc5 42.Ra4 Kd6 43.g3 Rc7
44.Rb4 Ke5 45.Rb6 d4 46.cxd4+ Kxd4 47.Rd6+ Ke5 48.Rd2 Rc5 49.b4 Rc3 50.Rb2 f4
51.gxf4+ gxf4 52.Bg4 Rg3 53.Re2 Rb3 54.h4 f3 55.Re3 Rb2+ 56.Kg3 Rg2+ 57.Kh3 Rxg4  0-1

[Event "Budapest FS07 GM"]
[Site "Budapest"]
[Date "1993.??.??"]
[Round "2"]
[White "Fogarasi, Tibor"]
[Black "Gross, Stefan"]
[Result "1-0"]
[WhiteElo "2440"]
[BlackElo "2330"]

1.e4 c5 2.Nf3 Nc6 3.d4 cxd4 4.Nxd4 Nf6 5.Nc3 d6 6.Bg5 Qb6 7.Nb3 e6 8.Bd3 Be7
9.O-O a6 10.Be3 Qc7 11.f4 b5 12.Qf3 Bb7 13.Qg3 g6 14.a3 Rb8 15.Kh1 b4 16.axb4 Nxb4
17.Ba7 Rc8 18.Bd4 O-O 19.Qf2 d5 20.e5 Ne4 21.Qe3 Nc5 22.Nxc5 Bxc5 23.Ne2 Qb6
24.Bxc5 Rxc5 25.Nd4 Nxd3 26.cxd3 Rb5 27.f5 exf5 28.e6 fxe6 29.Qe5 Bc8 30.Nxb5 Qxb5
31.Rfc1 Bd7 32.Rc7 f4 33.Rd1 f3 34.gxf3 Rxf3 35.Ra7 Rf8 36.Qc7 Qa4 37.Re1 Qg4
38.Qg3 e5 39.Qxg4 Bxg4 40.Rxe5 Bf5 41.Ree7 Rc8 42.Rg7+ Kf8 43.Rxh7 Kg8 44.Rag7+ Kf8
45.Rc7 Rxc7 46.Rxc7 Bxd3 47.Kg1 Bb5 48.Kf2 d4 49.Kf3 d3 50.Ke3 Kg8 51.b3 Kf8
52.b4 Kg8 53.Rb7 Bc4 54.Kd2 Kf8 55.Kc3 Bb5 56.Rxb5 axb5 57.Kxd3 Ke7 58.Kd4 Kd6
59.h4  1-0

[Event "Budapest FS12 GM"]
[Site "Budapest"]
[Date "1993.??.??"]
[Round "2"]
[White "Landenbergue, Claude"]
[Black "Maiwald, Jens Uwe"]
[Result "1-0"]
[WhiteElo "2405"]
[BlackElo "2430"]

1.e4 c5 2.Nf3 d6 3.d4 cxd4 4.Nxd4 Nf6 5.Nc3 Nc6 6.Bg5 e6 7.Bb5 Bd7 8.Bxc6 bxc6
9.Qf3 Rc8 10.O-O-O Be7 11.Nb3 O-O 12.e5 Nd5 13.Bxe7 Qxe7 14.exd6 Qxd6 15.Ne4 Qe7
16.c4 Nb6 17.Nbc5 Rb8 18.Qg3 f5 19.Qg5 Rbe8 20.Qxe7 Rxe7 21.Nd6 e5 22.Rhe1 Be8
23.b3 Bg6 24.Ndb7 e4 25.Rd8 Bh5 26.Rd6 Rc8 27.h3 h6 28.a4 Rcc7 29.Nd8 Nc8
30.Rd4 Re5 31.Na6 c5 32.Rd2 e3 33.fxe3 Rce7 34.Nc6  1-0

[Event "Budapest FS06 IM"]
[Site "Budapest"]
[Date "1993.??.??"]
[Round "3"]
[White "Wegener, Dirk"]
[Black "Hjelm, Niclas"]
[Result "0-1"]
[WhiteElo "2305"]
[BlackElo "2255"]

1.e4 c5 2.Nf3 Nc6 3.d4 cxd4 4.Nxd4 Nf6 5.Nc3 d6 6.Bg5 e6 7.Qd2 a6 8.O-O-O h6
9.Be3 Be7 10.f3 Nxd4 11.Qxd4 b5 12.e5 dxe5 13.Qxe5 Bd7 14.h4 Qb8 15.Qd4 e5
16.Qd2 Bc6 17.Bd3 Qb7 18.Rhe1 Rd8 19.Qf2 b4 20.Nb1 O-O 21.Nd2 Bd5 22.Kb1 Qc6
23.g4 a5 24.g5 Nh5 25.Qg2 a4 26.Ne4 a3 27.b3 Bxe4 28.Bxe4 Qc3 29.Bc1 Nf4
30.Qf1 hxg5 31.hxg5 Bxg5 32.Re3 Qc5 33.Ree1 g6 34.Qa6 Kg7 35.c4 Rxd1 36.Rxd1 Ne6
37.Qd6 Bxc1 38.Qxc5 Nxc5 39.Kxc1 Rh8 40.Bc2 Rh2 41.Rd5 Ne6 42.Rxe5 Nd4 43.Bd1 Rxa2
44.Ra5 Rh2 45.Ra4 a2 46.Ra6 g5 47.c5 f5 48.c6 Nxc6 49.Bc2 Nd4 50.Rxa2 Rxc2+
51.Rxc2 Nxc2  0-1

[Event "Budapest FS09 GM"]
[Site "Budapest"]
[Date "1993.??.??"]
[Round "4"]
[White "Degerman, Lars"]
[Black "Csom, Istvan"]
[Result "1/2-1/2"]
[WhiteElo "2460"]
[BlackElo "2475"]

1.e4 c5 2.Nf3 d6 3.d4 cxd4 4.Nxd4 Nf6 5.Nc3 Nc6 6.Bg5 e6 7.Qd2 a6 8.O-O-O h6
9.Be3 Bd7 10.f4 b5 11.Bd3 Qc7 12.h3 Na5 13.Qe2 Rc8 14.Bf2 Nc4 15.Be1  1/2-1/2

[Event "Spring op"]
[Site "Budapest"]
[Date "1993.??.??"]
[Round "5"]
[White "Lengyel, Bela"]
[Black "Maiwald, Jens Uwe"]
[Result "1-0"]
[WhiteElo "2350"]
[BlackElo "2400"]

1.e4 c5 2.Nf3 d6 3.d4 cxd4 4.Nxd4 Nf6 5.Nc3 Nc6 6.Bg5 e6 7.Bb5 Bd7 8.O-O Be7
9.Nb3 Qc7 10.Qd2 a6 11.Be2 b5 12.a3 Ne5 13.Rad1 Nc4 14.Bxc4 bxc4 15.Nd4 O-O
16.Qe1 Qc5 17.Be3 Qh5 18.f3 e5 19.Nde2 Rab8 20.Bc1 Qg6 21.g4 h5 22.h3 hxg4
23.hxg4 Bxg4 24.fxg4 Nxe4 25.Nxe4 Qxe4 26.Nf4 Qxc2 27.Nd5 Bd8 28.Qd2 Qh7
29.Qh2 Qg6 30.Qg2 Rb3 31.Be3 f5 32.Rxf5 Rxf5 33.gxf5 Qxg2+ 34.Kxg2 Rxb2+
35.Kf3 Ra2 36.Rb1 Bf6 37.Rb6 Rxa3 38.Rxd6 Bg5 39.Ke4 Bxe3 40.Nxe3 Ra4 41.Kxe5 c3
42.Rc6 Ra2 43.Rxc3 Re2 44.Kf4 Re1 45.Ra3  1-0

[Event "Spring op"]
[Site "Budapest"]
[Date "1993.??.??"]
[Round "7"]
[White "Yeo, Michael J"]
[Black "Grigorov, Jordan N"]
[Result "0-1"]
[WhiteElo "2225"]
[BlackElo "2380"]

1.e4 c5 2.Nf3 Nc6 3.d4 cxd4 4.Nxd4 Nf6 5.Nc3 d6 6.Bg5 e6 7.Qd2 a6 8.O-O-O h6
9.Bh4 Nxe4 10.Qf4 Ng5 11.Nxc6 bxc6 12.Qa4 Qc7 13.f4 Nh7 14.f5 Be7 15.Ne4 Ng5
16.Bxg5 hxg5 17.Qd4 d5 18.Qxg7 Rf8 19.Ng3 Rb8 20.Bd3 Qf4+ 21.Kb1 f6 22.fxe6 Bxe6
23.Rhe1 Kd7 24.Rxe6 Rxb2+ 25.Kxb2 Rb8+ 26.Bb5 Qb4+ 27.Kc1 Kxe6 28.Ne2 Bc5
29.c4 Be3+ 30.Kc2 axb5 31.cxd5+ cxd5 32.Nc3 Rc8 33.Rd3 d4 34.Qg6 Rxc3+ 35.Kd1 Qb1+
36.Ke2 Rc2+ 37.Kf3 Qf1+  0-1

[Event "Budapest FS07 GM"]
[Site "Budapest"]
[Date "1993.??.??"]
[Round "9"]
[White "Fogarasi, Tibor"]
[Black "Csom, Istvan"]
[Result "1-0"]
[WhiteElo "2440"]
[BlackElo "2475"]

1.e4 c5 2.Nf3 d6 3.d4 cxd4 4.Nxd4 Nf6 5.Nc3 Nc6 6.Bg5 e6 7.Qd2 a6 8.O-O-O h6
9.Be3 Bd7 10.f4 b5 11.Bd3 Be7 12.h3 Qc7 13.Rhe1 Nxd4 14.Bxd4 b4 15.Ne2 e5
16.Be3 Be6 17.Kb1 Qb7 18.Ng3 O-O 19.f5 Bd7 20.Bxh6 gxh6 21.Qxh6 Rfc8 22.Re3 Qb6
23.Nf1  1-0

[Event "Buenos Aires FMD tt"]
[Site "Buenos Aires"]
[Date "1993.??.??"]
[Round "4"]
[White "De Dovitiis, Alejo"]
[Black "Juarez, Carlos Eleodoro"]
[Result "1-0"]
[WhiteElo "2355"]
[BlackElo "2285"]

1.e4 c5 2.Nf3 d6 3.d4 cxd4 4.Nxd4 Nf6 5.Nc3 Nc6 6.Bg5 e6 7.Qd2 a6 8.O-O-O Be7
9.f4 Qc7 10.Be2 Bd7 11.Nf3 O-O-O 12.Rhe1 Kb8 13.e5 dxe5 14.fxe5 Bc8 15.Qf4 Nd5
16.Nxd5 exd5 17.Bxe7 Qxe7 18.e6+ Ka8 19.exf7 Rhf8 20.Bxa6 Qxf7 21.Qxf7 Rxf7
22.Bb5 Bg4 23.Bxc6 Bxf3 24.Bxb7+ Kxb7 25.gxf3 Rd6 26.Rd3 Kc6 27.a4 Rh6 28.Re2 Rf4
29.b3 Rfh4 30.Rg2 g6 31.Rdd2 R6h5 32.Rge2 Rf5 33.Re6+ Kc5 34.Rd3 Rxh2 35.a5 Rf2
36.a6 R2xf3 37.a7 Rf1+ 38.Kb2 Rf8 39.b4+ Kc4 40.Rb6 Ra8 41.Rc3+ Kd4 42.Rc7 Rff8
43.b5 h5 44.Ra6 h4 45.b6 g5 46.b7  1-0

[Event "Buenos Aires Najdorf op"]
[Site "Buenos Aires"]
[Date "1993.??.??"]
[Round "9"]
[White "Bronstein, Luis"]
[Black "Adla, Diego"]
[Result "0-1"]
[WhiteElo "2425"]
[BlackElo "2455"]

1.e4 c5 2.Nf3 Nc6 3.d4 cxd4 4.Nxd4 Nf6 5.Nc3 d6 6.Bg5 e6 7.Qd2 a6 8.O-O-O Bd7
9.f4 b5 10.Nxc6 Bxc6 11.Bd3 Be7 12.e5 dxe5 13.fxe5 Nd7 14.Bxe7 Qxe7 15.Be4 Rc8
16.Bxc6 Rxc6 17.Ne4 Nxe5 18.Nd6+ Kf8 19.Kb1 f6 20.Rhe1 g6 21.Rxe5 fxe5 22.Qh6+ Kg8
23.Ne4 Rc4 24.Ng5 Rd4 25.Re1 Qd8 26.Kc1 Qf6 27.b3 Qf4+ 28.Kb2 Rd2 29.h4 Rxg2
30.Rd1 Rd2 31.Rxd2 Qxd2 32.h5 Qd4+ 33.Kb1 Qg1+ 34.Kb2 Qh2 35.Nxe6 Kf7 36.Ng5+ Kf6
37.Nxh7+ Rxh7 38.Qxh7  0-1

[Event "Capablanca mem-C"]
[Site "?"]
[Date "1993.??.??"]
[Round "8"]
[White "Pupo, Emilio"]
[Black "Gonzalez Garcia, Jose"]
[Result "1/2-1/2"]
[WhiteElo "2375"]
[BlackElo "2330"]

1.e4 c5 2.Nf3 d6 3.d4 cxd4 4.Nxd4 Nf6 5.Nc3 Nc6 6.Bg5 e6 7.Qd2 Be7 8.O-O-O O-O
9.f4 Nxd4 10.Qxd4 Qa5 11.Bc4 Bd7 12.e5 dxe5 13.fxe5 Bc6 14.Bd2 Nd7 15.Nd5 Qd8
16.Nxe7+ Qxe7 17.Rhe1 Rfd8 18.Qg4 Nf8 19.h4 Qc5 20.Bc3 Qf2 21.Rd6 Ng6 22.g3 Rdc8
23.Rf1 Qe3+ 24.Kb1 Be4 25.Bb3 Bf5 26.Qd1 Bh3 27.Rf3 Qe4 28.Rd4 Qxe5 29.Rd7 Qh5
30.Qd4 e5 31.Rdxf7 Kh8 32.Qe4 Bg2 33.Qxb7 Bxf3 34.Rxf3 Rf8 35.Bf7 Rab8 36.Qe4 Rxf7
37.g4 Rxf3 38.gxh5 Rf1+ 39.Be1 Rd8 40.Kc1 Nf4  1/2-1/2

[Event "Cappelle op"]
[Site "Cappelle la Grande"]
[Date "1993.??.??"]
[Round "1"]
[White "Rowson, Jonathan"]
[Black "Makarichev, Sergey"]
[Result "1-0"]
[WhiteElo "2290"]
[BlackElo "2545"]

1.e4 c5 2.Nf3 Nc6 3.d4 cxd4 4.Nxd4 Nf6 5.Nc3 d6 6.Bg5 e6 7.Qd2 a6 8.O-O-O h6
9.Be3 Be7 10.f4 Qc7 11.Be2 Nxd4 12.Bxd4 e5 13.Be3 Be6 14.Bf3 Rc8 15.Kb1 b5
16.f5 Bd7 17.g4 b4 18.Nd5 Nxd5 19.exd5 a5 20.Be4 Qc4 21.Qg2 Bg5 22.Rhe1 a4
23.h4 Bxh4 24.Rh1 Bd8 25.g5 h5 26.Bd3 Qc7 27.Qf3 b3 28.cxb3 axb3 29.axb3 h4
30.Qg4 g6 31.Rxh4 Rxh4 32.Qxh4 Bxf5 33.Bxf5 gxf5 34.Rc1 Qb7 35.Rxc8 Qxc8
36.Qh8+ Kd7 37.Qf8 Be7 38.Qxf7 Qf8 39.Qe6+ Kc7 40.Bd2 f4 41.Ba5+ Kb7 42.Qd7+ Ka6
43.Bc7  1-0

[Event "JUG-chT"]
[Site "Cetinje"]
[Date "1993.??.??"]
[Round "?"]
[White "Tseshkovsky, Vitaly"]
[Black "Nevednichy, Vladislav"]
[Result "1-0"]
[WhiteElo "2495"]
[BlackElo "2535"]

1.e4 c5 2.Nf3 d6 3.d4 cxd4 4.Nxd4 Nf6 5.Nc3 Nc6 6.Bg5 e6 7.Qd2 a6 8.O-O-O h6
9.Be3 Qc7 10.f4 Bd7 11.Kb1 b5 12.Bd3 Na5 13.e5 dxe5 14.fxe5 Qxe5 15.Nf5 exf5
16.Rhe1 Be6 17.Bb6 Qb8 18.Bxa5 Be7 19.Ne2 O-O 20.Nd4 Ne4 21.Bxe4 fxe4 22.Nc6 Bg5
23.Qxg5 hxg5 24.Nxb8 Rfxb8 25.Rxe4 Rc8 26.Rd2 Rc5 27.b3 Rac8 28.Kb2 Kh7 29.c3 Kg6
30.a4 R8c6 31.g4 Rc8 32.Rd6 R8c6 33.Rxc6 Rxc6 34.axb5 axb5 35.Re5 f5 36.Rxb5 f4
37.Bb6  1-0

[Event "Clichy"]
[Site "Clichy"]
[Date "1993.??.??"]
[Round "1"]
[White "Santo Roman, Marc"]
[Black "Conquest, Stuart"]
[Result "0-1"]
[WhiteElo "2410"]
[BlackElo "2495"]

1.e4 c5 2.Nf3 d6 3.d4 cxd4 4.Nxd4 Nf6 5.Nc3 Nc6 6.Bg5 Bd7 7.Qd2 a6 8.f4 e6
9.Nf3 Qa5 10.O-O-O Rc8 11.Kb1 b5 12.Bd3 Be7 13.e5 b4 14.Ne4 dxe5 15.fxe5 Nxe5
16.Nxe5 Qxe5 17.Bxa6 Rd8 18.Bxf6 gxf6 19.Nd6+ Bxd6 20.Qxd6 Rg8 21.g3 Rg4
22.Rhe1 Qxd6 23.Rxd6 Ba4 24.Rxd8+ Kxd8 25.Bb7 f5 26.Bf3 Rc4 27.b3 Rc3 28.Be2 Bc6
29.Bd3 Rc5 30.Kb2 Ra5 31.Ra1 Ke7 32.a3 bxa3+ 33.Rxa3 Re5 34.Ra1 h5 35.Kc3 h4
36.Kd2 Rd5 37.c4 Rd4 38.Ke3 Rg4 39.Be2 Rg8 40.Kf2 f4 41.gxf4 Rg2+ 42.Ke3 Rxh2
43.Bf3 Rh3 44.Rf1 Kd6 45.b4 f5 46.Rf2 Rg3 47.Ke2 h3 48.c5+ Kc7 49.Bxc6 Kxc6
50.Kf1 Rb3 51.Kg1 Rxb4 52.Kh2 Kxc5 53.Kxh3 Kd4 54.Re2 Rb3+ 55.Kg2 Re3 56.Rd2+ Ke4
57.Rf2 Re1 58.Kg3 Rg1+ 59.Kh2 Rg6 60.Rf1 Ke3 61.Kh3 Ke2  0-1

[Event "Clichy"]
[Site "Clichy"]
[Date "1993.??.??"]
[Round "7"]
[White "Boudre, Jean Pierre"]
[Black "Verat, Laurent"]
[Result "1/2-1/2"]
[WhiteElo "2380"]
[BlackElo "2285"]

1.e4 c5 2.Nf3 d6 3.d4 cxd4 4.Nxd4 Nf6 5.Nc3 Nc6 6.Bg5 e6 7.Qd2 Be7 8.O-O-O Nxd4
9.Qxd4 O-O 10.h4 Qa5 11.Be2 Bd7 12.Rd3 Bc6 13.Rg3 Kh8 14.f4 e5 15.Qe3 exf4
16.Bxf4 Qc5 17.Qd3 d5 18.exd5 Nxd5 19.Be5 f6 20.Bd4 Qd6 21.Nxd5 Bxd5 22.h5 Qf4+
23.Kb1 Be4 24.Qe3 Qxe3 25.Rxe3 f5 26.h6 Bf6 27.hxg7+ Kxg7 28.Rg3+ Kh8 29.Rgh3 f4
30.Bf3 Bf5 31.Bxf6+ Rxf6 32.Bxb7 Re8 33.Rc3 Kg7 34.Bf3 Be4 35.Rc7+ Rf7 36.Rxf7+ Kxf7
37.b4 Bxf3 38.gxf3 Kg6 39.Rh4 Rf8 40.Rg4+ Kf5 41.Rg7 h5 42.Rxa7 Rh8 43.Ra5+ Kf6
44.Kb2 h4 45.Rd5 h3 46.Rd1 Kg5 47.a4 Kh4 48.a5 Kg3 49.b5 Kxf3 50.a6 Ke2 51.Rh1 f3
52.a7 f2 53.b6 f1=Q 54.Rxf1 Kxf1 55.b7 h2 56.b8=Q h1=Q 57.Qf4+ Ke2 58.Qe5+ Kf2
59.Qf6+  1/2-1/2

[Event "Copenhagen op15"]
[Site "Copenhagen"]
[Date "1993.??.??"]
[Round "5"]
[White "Rasmussen, Karsten"]
[Black "Fuglsang, Flemming"]
[Result "1-0"]
[WhiteElo "2440"]
[BlackElo "2275"]

1.e4 c5 2.Nf3 Nc6 3.d4 cxd4 4.Nxd4 Nf6 5.Nc3 d6 6.Bg5 Bd7 7.Qd2 a6 8.f4 e6
9.Nf3 Qa5 10.Bd3 Be7 11.O-O-O b5 12.Kb1 b4 13.Ne2 e5 14.Rhe1 O-O 15.Ng3 Be6
16.b3 exf4 17.Qxf4 h6 18.Bxf6 Bxf6 19.e5 Nxe5 20.Nh5 Bg5 21.Nxg5 Nxd3 22.Rxd3 Qxg5
23.Qxg5 hxg5 24.Rg3 g4 25.h3 Rfe8 26.hxg4 Bd5 27.Rd1 Be4 28.Nf4 Rac8 29.Nd3 Rc3
30.Re3 Re6 31.Rde1 d5 32.Nxb4 Rxe3 33.Rxe3 Rg6 34.g3 a5 35.Nd3 Rxg4 36.Nf2 Rg6
37.Nxe4 Re6 38.Nf6+ Rxf6 39.Rd3 Rf5 40.Kb2 g5 41.Kc3 Kg7 42.a4 Kf6 43.b4 axb4+
44.Kxb4 Ke5 45.Kc5 Ke6 46.a5 d4+ 47.Kb6 Rf2 48.a6 Rxc2 49.Rxd4 Ra2 50.a7 Kf5
51.Rd5+ Kg4 52.Ra5  1-0

[Event "CUB-ch"]
[Site "?"]
[Date "1993.??.??"]
[Round "1"]
[White "Leyva, Ricardo"]
[Black "Gonzalez, JC."]
[Result "0-1"]
[WhiteElo "2285"]
[BlackElo "2465"]

1.e4 c5 2.Nf3 d6 3.d4 cxd4 4.Nxd4 Nf6 5.Nc3 Nc6 6.Bg5 e6 7.Qd2 a6 8.O-O-O Bd7
9.f4 b5 10.Bxf6 gxf6 11.Be2 b4 12.Nb1 Qb6 13.Bh5 Rc8 14.Nxc6 Bxc6 15.Qd4 Qxd4
16.Rxd4 d5 17.exd5 Bc5 18.Rd3 Bxd5 19.Re1 Bf2 20.Re2 Bc4 21.Rd6 Ke7 22.Red2 Rc7
23.b3 Bc5 24.R6d4 Bxd4 25.Rxd4 Bf1 26.Rxb4 Bxg2 27.c4 Rd8 28.Nc3 Rd3 29.Na4 Rh3
30.Be2 Rxh2 31.c5 Bc6 32.Bxa6 Rxa2 33.Bb5 Bxb5 34.Rxb5 h5 35.Rb8 Rf2 36.b4 Rxf4
37.Kb2 h4 38.Kb3 Rd7 39.Nb6 Rdd4 40.Nc8+ Kd7 41.Na7 Kc7 42.Rb6 Rxb4+ 43.Rxb4 Rxb4+
44.Kxb4 h3 45.Nb5+  0-1

[Event "Cuxhaven op"]
[Site "Cuxhaven"]
[Date "1993.??.??"]
[Round "6"]
[White "Luther, Thomas"]
[Black "Lerner, Konstantin Z"]
[Result "0-1"]
[WhiteElo "2480"]
[BlackElo "2530"]

1.e4 c5 2.Nf3 d6 3.d4 cxd4 4.Nxd4 Nf6 5.Nc3 Nc6 6.Bg5 e6 7.Qd2 a6 8.O-O-O h6
9.Bf4 Bd7 10.Nxc6 Bxc6 11.f3 d5 12.Qe1 Bb4 13.a3 Ba5 14.Bd2 d4 15.e5 Qc7
16.Nb5 Bxd2+ 17.Qxd2 Qxe5 18.Re1 Ne4 19.Nxd4 Nxd2 20.Rxe5 Nxf1 21.Nxc6 bxc6
22.Rxf1 O-O-O 23.Rd1 Kc7 24.c4 g5 25.Kc2 Rxd1 26.Kxd1 Re8 27.Kc2 f6 28.Re2 e5
29.Kc3 h5 30.Rd2 f5 31.c5 Re6 32.b4 e4 33.fxe4 Rxe4 34.g3 f4 35.gxf4 Rxf4
36.Rg2 g4 37.Re2 Rf3+ 38.Kc4 Rxa3 39.Re7+ Kd8 40.Re6 Kd7 41.Re2 Ra1 42.Re5 h4
43.Rg5 Rg1 44.Kd4 h3 45.Rh5 Rh1  0-1

[Event "Cuxhaven op"]
[Site "Cuxhaven"]
[Date "1993.??.??"]
[Round "8"]
[White "Mueller, Mar"]
[Black "Lerner, Konstantin Z"]
[Result "1/2-1/2"]
[WhiteElo "2215"]
[BlackElo "2530"]

1.e4 c5 2.Nf3 d6 3.d4 cxd4 4.Nxd4 Nf6 5.Nc3 Nc6 6.Bg5 e6 7.Qd2 a6 8.O-O-O h6
9.Be3 Be7 10.f4 Bd7 11.h3 b5 12.Bd3 Nxd4 13.Bxd4 Bc6 14.Qe3 O-O 15.Kb1 Qc7
16.e5 dxe5 17.Bxe5 Qb7 18.Rhf1 Rad8 19.f5 exf5 20.Rxf5 b4 21.Ne2 Ne4 22.Nd4 Bg5
23.Qe1 g6 24.Nxc6 Qxc6 25.Rf1 Rfe8 26.Qxe4 Qxe4 27.Bxe4 Rxd1+ 28.Rxd1 Rxe5
29.Bf3 Be7 30.c3  1/2-1/2

[Event "Debrecen-C"]
[Site "Debrecen"]
[Date "1993.??.??"]
[Round "4"]
[White "Katona, Marton"]
[Black "Kovacs, Istvan"]
[Result "0-1"]
[WhiteElo "2255"]
[BlackElo "2240"]

1.e4 c5 2.Nf3 d6 3.d4 cxd4 4.Nxd4 Nf6 5.Nc3 Nc6 6.Bg5 e6 7.Qd2 Be7 8.O-O-O a6
9.f4 Qc7 10.Bxf6 gxf6 11.g3 b5 12.Nxc6 Qxc6 13.Bg2 Bb7 14.Kb1 Rc8 15.Ne2 Qb6
16.f5 Rc4 17.b3 Rc5 18.fxe6 fxe6 19.Nf4 Kf7 20.h4 Rhc8 21.Rc1 R8c7 22.Nd3 Rc3
23.Qh6 Kg8 24.Nf4 Rxg3 25.Bh3 Bxe4 26.Bxe6+ Kh8 27.Rhe1 Qd4 28.Qh5 Bg6 29.Nxg6+ Rxg6
30.Bf5 Rg7 31.Be6 Rg6 32.Bf5 Rg7 33.Rg1 Qxg1 34.Rxg1 Rxg1+ 35.Kb2 Bf8 36.Qe8 Kg7
37.Qd8 Re7 38.Qxd6 Rb1+ 39.Kc3 Re3+ 40.Qd3 Rxd3+  0-1

[Event "Debrecen-A"]
[Site "Debrecen"]
[Date "1993.??.??"]
[Round "9"]
[White "Feher, Gyula"]
[Black "Videki, Sandor"]
[Result "1/2-1/2"]
[WhiteElo "2385"]
[BlackElo "2415"]

1.e4 c5 2.Nf3 d6 3.d4 cxd4 4.Nxd4 Nf6 5.Nc3 Nc6 6.Bg5 Bd7 7.Qd2 Rc8 8.Be2 Nxd4
9.Qxd4 Qa5 10.Bd2 a6 11.O-O Qc5 12.Qxc5 Rxc5 13.Bd3 e6 14.a4 Rc8 15.a5 Bc6
16.Rfe1 Be7 17.b4 O-O 18.Rab1 Nd7 19.b5 axb5 20.Nxb5 Nc5  1/2-1/2

[Event "Doha"]
[Site "Doha"]
[Date "1993.??.??"]
[Round "7"]
[White "Vasiukov, Evgeni"]
[Black "Sakaev, Konstantin"]
[Result "1/2-1/2"]
[WhiteElo "2495"]
[BlackElo "2540"]

1.e4 c5 2.Nf3 d6 3.d4 cxd4 4.Nxd4 Nf6 5.Nc3 Nc6 6.Bg5 e6 7.Qd2 a6 8.O-O-O Bd7
9.f4 h6 10.Bxf6 Qxf6 11.Nf3 Qd8  1/2-1/2

[Event "Eger"]
[Site "Eger"]
[Date "1993.??.??"]
[Round "5"]
[White "Krockenberger, Martin"]
[Black "Titz, Heimo"]
[Result "0-1"]
[WhiteElo "2305"]
[BlackElo "2290"]

1.e4 c5 2.Nf3 Nc6 3.d4 cxd4 4.Nxd4 Nf6 5.Nc3 d6 6.Bg5 Bd7 7.Be2 Qa5 8.Bxf6 gxf6
9.Nb3 Qg5 10.g3 f5 11.f4 Qg6 12.Qd2 fxe4 13.O-O-O O-O-O 14.Rhe1 Bg7 15.Nd5 e6
16.Ne3 d5 17.c3 f5 18.Bb5 h5 19.Rg1 a6 20.Bxc6 Bxc6 21.Nd4 Qe8 22.Kb1 Bb5
23.Rc1 Bd3+ 24.Ka1 Kb8 25.Qd1 Rc8 26.Qb3 Ka7 27.Qd1 Qd7 28.Nf3 Bf6 29.Nd4 Qd6
30.Nf3 Qb6 31.Qd2 Rhd8 32.Ne5 Bxe5 33.fxe5 Qc7 34.Ng2 Qxe5 35.Nf4 Bb5 36.Nxh5 d4
37.cxd4 Rxc1+ 38.Qxc1 Qxd4 39.Nf4 Rd6 40.h4 e3 41.h5 e5 42.Ng2 f4 43.gxf4 exf4
44.a3 Bc6 45.Nxf4 Qxf4 46.Qc5+ b6 47.Rg7+ Bb7  0-1

[Event "Eger"]
[Site "Eger"]
[Date "1993.??.??"]
[Round "9"]
[White "Birk, Steffen"]
[Black "Titz, Heimo"]
[Result "0-1"]
[WhiteElo "2290"]
[BlackElo "2290"]

1.e4 c5 2.Nf3 Nc6 3.d4 cxd4 4.Nxd4 Nf6 5.Nc3 d6 6.Bg5 e6 7.Qd2 a6 8.O-O-O h6
9.Be3 Bd7 10.f4 b5 11.Bd3 Be7 12.Kb1 Qc7 13.Rhe1 Nxd4 14.Bxd4 b4 15.Ne2 e5
16.fxe5 dxe5 17.Bg1 O-O 18.Ng3 Rfd8 19.h3 Be6 20.Be3 Bf8 21.Qf2 Nd7 22.Nf5 Nc5
23.g4 Qa5 24.b3 Na4 25.bxa4 Qxa4 26.c4 bxc3 27.Qc2 Qa3 28.Ka1 Rab8 29.Rb1 Rb2
30.Rxb2 cxb2+ 31.Qxb2 Rxd3 32.Qxa3 Rxa3 33.Re2 Kh7 34.g5 hxg5 35.Bxg5 f6
36.Bc1 Rxh3 37.Rc2 Bxf5 38.exf5 Ba3 39.Bxa3 Rxa3 40.Rc6 Ra5 41.Re6 Kh6  0-1

[Event "Elenite"]
[Site "Elenite"]
[Date "1993.??.??"]
[Round "5"]
[White "Dimitrov, Vladimir"]
[Black "Tukmakov, Vladimir B"]
[Result "1/2-1/2"]
[WhiteElo "2525"]
[BlackElo "2600"]

1.e4 c5 2.Nf3 d6 3.d4 cxd4 4.Nxd4 Nf6 5.Nc3 Nc6 6.Bg5 e6 7.Qd2 a6 8.O-O-O Bd7
9.f4 h6 10.Bh4 g5 11.fxg5 Ng4 12.Be2 Nge5 13.Nf3 Be7 14.Bg3 hxg5 15.Rdf1 b5
16.Kb1 Rc8 17.Nd1 Nxf3 18.Rxf3 Ne5 19.Rf2 Bc6 20.Qd4 Bf6 21.Rhf1 Rh6 22.Qe3 Rc7
23.h4 Bg7 24.hxg5 Rh8 25.Qf4 Ng6 26.Qg4 Be5 27.Bd3 Bxg3 28.Qxg3 Ne5 29.Ne3 Rg8
30.Rf6 Re7 31.Qh4 Kd7 32.Ng4 Nxg4 33.Qxg4 Rg7 34.Qf4 Qg8 35.Rd1 Qb8 36.Be2 Qc7
37.Bh5 Kc8 38.Rxd6 Bxe4 39.Rd2 Qxf4 40.Rxf4 Rxg5 41.Rxe4 Rxh5 42.a4  1/2-1/2

[Event "Elgoibar"]
[Site "Elgoibar"]
[Date "1993.??.??"]
[Round "2"]
[White "Milos, Gilberto"]
[Black "Ubilava, Elizbar"]
[Result "1/2-1/2"]
[WhiteElo "2565"]
[BlackElo "2530"]

1.e4 c5 2.Nf3 d6 3.d4 cxd4 4.Nxd4 Nf6 5.Nc3 Nc6 6.Bg5 e6 7.Qd2 a6 8.O-O-O h6
9.Be3 Bd7 10.f3 Rc8 11.Kb1 Be7 12.g4 Nxd4 13.Bxd4 e5 14.Be3 Be6 15.Nd5 Nxd5
16.exd5 Bd7 17.h4 h5 18.gxh5 Rxh5 19.Bd3 Rxh4 20.Qg2 Bf6 21.Rxh4 Bxh4 22.Qxg7 Bf6
23.Qh7 Ke7 24.f4 Qh8 25.Qe4 Rg8 26.a4 b5 27.Rh1 Qg7 28.axb5 axb5 29.fxe5 Bxe5
30.Rg1 Qh8 31.Rh1 Qg7 32.Qb4 Qg4 33.Qe1 Qa4 34.Rh4 Rg4 35.Bg5+ Kf8 36.Bh6+ Ke8
37.Rxg4 Qxg4 38.Bc1 Qd4 39.Qe3 b4 40.Qf3 Bg4 41.Bb5+ Ke7 42.Qh1 Bf5 43.Ba4 Be4
44.Qh4+ Kf8 45.Qh6+ Kg8 46.Qg5+ Bg6 47.Bb3 Qe4 48.Bd2 Qd4 49.Bc1 Kf8 50.Qd8+ Kg7
51.Qg5 Bf6 52.Qh6+ Kg8 53.Qh2 Qd1 54.Qf4 Bg7 55.Qd2 Qg1 56.Qe3 Bd4 57.Qxg1 Bxg1
58.Bf4 Bc5 59.Kc1 Kg7 60.Kd2 Kf6 61.c3 Kf5 62.Bh2 Kg5 63.cxb4 Bxb4+ 64.Ke3 Bc5+
65.Kf3 Bh5+ 66.Kg2 Be2 67.Bg3 Kg4 68.Bf2 Bf3+ 69.Kg1 Bxf2+ 70.Kxf2 Kf4 71.Bc4 Ke4
72.Bb5 Bd1 73.Be8 f6 74.Bg6+ Kxd5 75.Ke3 Ke5 76.b4 Bg4 77.b5 Kd5 78.Be8 Kc5
79.Kf4 Be6 80.Ke4 d5+ 81.Kf4 Bh3 82.Bf7 d4 83.Be8 Be6 84.Ke4 Bb3 85.Kf5 d3
86.Bh5 Kxb5 87.Kxf6 Kc4 88.Ke5 Kc3 89.Ke4 d2 90.Ke3 Kc2 91.Kd4 Ba4 92.Bg4 Kc1
93.Kc3  1/2-1/2

[Event "Elgoibar"]
[Site "Elgoibar"]
[Date "1993.??.??"]
[Round "4"]
[White "Iruzubieta, Jesus Maria"]
[Black "Ubilava, Elizbar"]
[Result "0-1"]
[WhiteElo "2360"]
[BlackElo "2530"]

1.e4 c5 2.Nf3 d6 3.d4 cxd4 4.Nxd4 Nf6 5.Nc3 Nc6 6.Bg5 Bd7 7.Be2 Qa5 8.Bxf6 gxf6
9.O-O Nxd4 10.Qxd4 Rc8 11.Nd5 Qc5 12.Qd2 Qxc2 13.Qe3 Bh6 14.Qxh6 Qxe2 15.Qg7 Rf8
16.Rac1 Rxc1 17.Rxc1 Bc6 18.Nc7+ Kd7 19.Qxf8 Qxe4 20.Qg8 Kxc7 21.Kh1 Qg6
22.Qxg6 fxg6 23.Kg1 e5 24.h4 d5 25.Kf1 Kd6 26.Ke2 d4 27.g3 h5 28.b4 g5 29.Rc5 g4
30.Kd3 b6 31.Rc1 Kd5 32.Kd2 f5 33.Re1 Bb5 34.Rc1 Bc4 35.a3 b5 36.Ra1 a6 37.a4 bxa4
38.Rxa4 Ke4 39.Ra1 Kf3 40.Rc1 Bb5 41.Ke1 f4 42.gxf4 e4 43.f5 g3 44.fxg3 e3
45.f6 d3 46.f7 d2+ 47.Kd1 Ba4+ 48.Rc2 Bxc2+ 49.Kxc2 Ke2 50.f8=Q d1=Q+ 51.Kb2 Qd4+
52.Kc2 Qd3+ 53.Kb2 Kd1 54.Qc5 Qd2+ 55.Kb1 e2 56.Qc6 Qxb4+  0-1

[Event "NLD-ch sf"]
[Site "Enschede"]
[Date "1993.??.??"]
[Round "2"]
[White "Timmerman, Gert J"]
[Black "Hoeksema, Hendrik Pieter"]
[Result "1/2-1/2"]
[WhiteElo "2325"]
[BlackElo "2405"]

1.e4 c5 2.Nf3 d6 3.d4 cxd4 4.Nxd4 Nf6 5.Nc3 Nc6 6.Bg5 e6 7.Qd3 a6 8.Be2 Bd7
9.Rd1 b5 10.a3 Be7 11.O-O Rc8 12.Qg3 e5 13.Nb3 Be6 14.Be3 O-O 15.Nc5 Qa5
16.Nxe6 fxe6 17.Qh3 Nd8 18.Bg5 Qc7 19.Rd3 Rb8 20.b4 Qc8 21.Bg4 Qc4 22.Rfd1 Nxg4
23.Qxg4 Bxg5 24.Qxg5  1/2-1/2

[Event "ESP-ch playoff"]
[Site "?"]
[Date "1993.??.??"]
[Round "3"]
[White "Fernandez Garcia, Jose L"]
[Black "Garcia Ilundain, David"]
[Result "0-1"]
[WhiteElo "2445"]
[BlackElo "2480"]

1.e4 c5 2.Nf3 d6 3.d4 cxd4 4.Nxd4 Nf6 5.Nc3 Nc6 6.Bg5 e6 7.Qd2 a6 8.O-O-O h6
9.Bf4 Bd7 10.Nxc6 Bxc6 11.Qe2 Qa5 12.Bxd6 Bxd6 13.Rxd6 Qe5 14.Rd2 b5 15.f3 O-O
16.Qe3 Rfc8 17.Kb1 b4 18.Ne2 a5 19.Nc1 a4 20.Qd4 Qa5 21.Bc4 a3 22.Bb3 axb2
23.Nd3 Rd8 24.Qxb2 Bxe4 25.fxe4 Nxe4 26.Rf2 Nxf2 27.Nxf2 Rd2 28.Nd3 Rxg2
29.Qd4 Qg5 30.Qe4 Rd8 31.Qxb4 Rg1+ 32.Rxg1 Qxg1+ 33.Kb2 Qxh2 34.Qc3 h5 35.Ne5 h4
36.Qc7 Rf8 37.Qd6 h3 38.Bxe6 fxe6 39.Qxe6+ Kh7 40.Qg6+ Kh8 41.Nd7 Rb8+ 42.Nxb8 Qxb8+
43.Kc3 Qe5+  0-1